00716nam a2200241 4500001000800000003000400008005001700012008000400029010001700033020001500050040002000065050002400085082001700109245007900126250001200205260003700217300003600254500007500290504003900365600002000404650001800424700003200442186045600020150212083656.0000 a 82013109  a0070697620 aUOEMLcDLCdDLC00aQP514.2b.P754 198300a574.19/221900aPrinciples of biochemistry, general aspects /cEmil L. Smith ... [et al.]. a7th ed. aNew York :bMcGraw-Hill,cc1983. axviii, 886 p. :bill. ;c24 cm. aCompanion vol. of: Principles of biochemistry, mammalian biochemistry. aIncludes bibliographies and index. aHill, Robert L. 0aBiochemistry.1 aSmith, Emil L.,d1911-2009.